[Event "II Memorial Doriano Spinelli"]
[Site "Torino ITA"]
[Date "2016.12.01"]
[Round "1"]
[White "Bisi, Riccardo"]
[Black "Novaria, Ivan"]
[WhiteElo "2028"]
[BlackElo "1708"]
[Result "1-0"]
[PlyCount "41"]
[EventDate "2016.12.01"]

1. e4 c5 2. Nf3 e6 3. d4 cxd4 4. Nxd4 Nf6 5. Nc3 d6 6. Be3 Be7 7. f3 a6 8. Qd2
b5 9. g4 Bb7 10. O-O-O O-O 11. h4 Qc7 12. h5 Nc6 13. g5 Nd7 14. g6 Nxd4 15.
Bxd4 Nc5 16. h6 Bf6 17. hxg7 Bxg7 18. gxh7+ Kh8 19. Bxg7+ Kxg7 20. Qh6+ Kh8 21.
Qf6# 1-0

[Event "II Memorial Doriano Spinelli"]
[Site "Torino ITA"]
[Date "2016.12.01"]
[Round "1"]
[White "Cerchie', Emanuele"]
[Black "Tripodi, Enzo"]
[WhiteElo "1635"]
[BlackElo "1919"]
[Result "1/2-1/2"]
[PlyCount "68"]
[EventDate "2016.12.01"]

1. d4 Nf6 2. c4 e6 3. Nc3 Bb4 4. e3 b6 5. Bd3 Bb7 6. Nf3 O-O 7. O-O Bxc3 8.
bxc3 d5 9. cxd5 Bxd5 10. c4 Bb7 11. Bb2 Nc6 12. a3 Ne7 13. Ne5 Ng6 14. Nxg6
hxg6 15. Qc2 Nh5 16. Be4 Bxe4 17. Qxe4 Nf6 18. Qf3 Qd7 19. e4 Qc6 20. d5 Qxc4
21. Bxf6 gxf6 22. Rac1 Qd4 23. Rxc7 exd5 24. exd5 Rfd8 25. Rd1 Qe5 26. d6 Re8
27. g3 Rad8 28. Qc6 Kg7 29. d7 Re6 30. Qb7 Rd6 31. Rxd6 Qxd6 32. Qc8 Qd1+ 33.
Kg2 Qd5+ 34. Kg1 Qd1+ 1/2-1/2

[Event "II Memorial Doriano Spinelli"]
[Site "Torino ITA"]
[Date "2016.12.01"]
[Round "1"]
[White "Chiabrando, Davide"]
[Black "Messina, Francesco"]
[WhiteElo "1693"]
[BlackElo "1953"]
[Result "0-1"]
[PlyCount "50"]
[EventDate "2016.12.01"]

1. e4 c5 2. Nf3 g6 3. d4 cxd4 4. Nxd4 Bg7 5. Be3 Nc6 6. Nc3 Nf6 7. f3 O-O 8.
Qd2 d6 9. g4 Bd7 10. O-O-O Rc8 11. Kb1 a6 12. h4 b5 13. g5 Nh5 14. f4 Na5 15.
Rg1 Nc4 16. Bxc4 Rxc4 17. Nd5 e6 18. Nb6 Qxb6 19. Nxe6 Qc6 20. Nxf8 Bxf8 21. f5
Qxe4 22. fxg6 hxg6 23. b3 Rc8 24. Qf2 Bf5 25. Rg2 Rxc2 0-1

[Event "II Memorial Doriano Spinelli"]
[Site "Torino ITA"]
[Date "2016.12.01"]
[Round "1"]
[White "Di Chiara, Mauro"]
[Black "Coqueraut, Lodewyk"]
[WhiteElo "1933"]
[BlackElo "1670"]
[Result "1-0"]
[PlyCount "51"]
[EventDate "2016.12.01"]

1. d4 Nf6 2. Nf3 d5 3. c4 e6 4. g3 Bb4+ 5. Bd2 a5 6. a3 Be7 7. Bg2 c6 8. O-O
O-O 9. Qc2 dxc4 10. Qxc4 b5 11. Qc2 Bb7 12. Rd1 Qb6 13. Nc3 Rd8 14. e4 c5 15.
dxc5 Bxc5 16. Bg5 Rxd1+ 17. Rxd1 Nfd7 18. e5 Bc6 19. Rd2 Na6 20. Ne4 Bd5 21.
Nxc5 Qxc5 22. Qd1 Rc8 23. Be3 Qc7 24. Ng5 Bxg2 25. Rxd7 Qb8 26. Qh5 1-0

[Event "II Memorial Doriano Spinelli"]
[Site "Torino ITA"]
[Date "2016.12.01"]
[Round "1"]
[White "Ferrara, Davide"]
[Black "Terzo, Andrea"]
[WhiteElo "1591"]
[BlackElo "1892"]
[Result "0-1"]
[PlyCount "68"]
[EventDate "2016.12.01"]

1. d4 d5 2. c4 e6 3. Nc3 Nf6 4. cxd5 exd5 5. Bg5 c6 6. Qc2 Be7 7. e3 O-O 8. Bd3
Nbd7 9. Nge2 Re8 10. O-O Nf8 11. f3 Ne6 12. Bxf6 Bxf6 13. Bxh7+ Kh8 14. Bd3 g6
15. f4 Ng7 16. Rf3 Bf5 17. Re1 Bxd3 18. Qxd3 Nf5 19. Qd2 Qe7 20. Kf2 Rad8 21.
Rc1 c5 22. b3 cxd4 23. Nxd4 Nxd4 24. exd4 Qb4 25. Rd3 Qd6 26. Nb5 Qb6 27. Nc7
Re4 28. Kf1 Rd7 29. Rh3+ Kg7 30. Ne6+ Qxe6 31. f5 Qxf5+ 32. Kg1 Bg5 33. Qb4
Bxc1 34. Rh8 Be3+ 0-1

[Event "II Memorial Doriano Spinelli"]
[Site "Torino ITA"]
[Date "2016.12.01"]
[Round "1"]
[White "Ferri, Fabio"]
[Black "Bisi, Samuele"]
[WhiteElo "1831"]
[BlackElo "2084"]
[Result "1-0"]
[PlyCount "49"]
[EventDate "2016.12.01"]

1. e4 c5 2. Nc3 e6 3. f4 Nc6 4. Nf3 d6 5. Bc4 a6 6. d3 b5 7. Bb3 g6 8. O-O Bg7
9. Qe1 Nge7 10. f5 gxf5 11. Qh4 Nd4 12. Bg5 b4 13. Na4 h6 14. Bf6 Nxf3+ 15.
Rxf3 Bxf6 16. Qxf6 Ng6 17. Qg7 f4 18. Rxf4 Nxf4 19. Qxh8+ Ke7 20. Qxh6 Ng6 21.
Rf1 Qh8 22. Qg5+ Ke8 23. Nb6 Rb8 24. Ba4+ Kf8 25. Qxg6 1-0

[Event "II Memorial Doriano Spinelli"]
[Site "Torino ITA"]
[Date "2016.12.01"]
[Round "1"]
[White "Gola, Giorgio"]
[Black "Bergero, Simone"]
[WhiteElo "1515"]
[BlackElo "1860"]
[Result "0-1"]
[PlyCount "78"]
[EventDate "2016.12.01"]

1. e4 c5 2. Nf3 Nc6 3. d4 cxd4 4. Nxd4 e5 5. Nb5 d6 6. N1c3 a6 7. Na3 Be7 8.
Nd5 f5 9. Bd3 f4 10. Bd2 Nf6 11. c3 O-O 12. Qe2 Be6 13. Bc4 Kh8 14. Nxf6 Bxc4
15. Qxc4 Rxf6 16. f3 Rg6 17. Qe2 Bh4+ 18. Kd1 d5 19. Kc2 Rc8 20. Kb1 dxe4 21.
fxe4 Be7 22. Nc2 Rd6 23. Rd1 Bg5 24. Ne1 Na5 25. b3 Qb6 26. Kc2 Nc6 27. Kb2 a5
28. Nf3 Bf6 29. Be3 Qc7 30. Rxd6 Qxd6 31. Rd1 Qc7 32. Bd2 a4 33. Qb5 axb3 34.
axb3 Nd4 35. Nxd4 exd4 36. c4 f3 37. gxf3 d3+ 38. Bc3 Qxh2+ 39. Rd2 Qxd2+ 0-1

[Event "II Memorial Doriano Spinelli"]
[Site "Torino ITA"]
[Date "2016.12.01"]
[Round "1"]
[White "Paparella, Nicole Samantha"]
[Black "Finocchiaro, Gianluca"]
[WhiteElo "1772"]
[BlackElo "2048"]
[Result "0-1"]
[PlyCount "122"]
[EventDate "2016.12.01"]

1. d4 f5 2. Nc3 Nf6 3. Bf4 g6 4. h3 d6 5. e3 Bg7 6. Bc4 c6 7. a3 Qb6 8. Rb1 d5
9. Be2 Nbd7 10. Nf3 Ne4 11. Nxe4 fxe4 12. Nd2 O-O 13. c4 Bxd4 14. Bh6 Bg7 15.
Bxg7 Kxg7 16. cxd5 cxd5 17. O-O Ne5 18. Nb3 Qe6 19. Qd4 Kg8 20. Rfd1 Qf5 21.
Rf1 Nf3+ 22. gxf3 exf3 23. Bxf3 Qxf3 24. Nd2 Qxh3 25. Qxd5+ Qe6 26. Qxe6+ Bxe6
27. Rbc1 Rac8 28. Ne4 Rxc1 29. Rxc1 Rc8 30. Rxc8+ Bxc8 31. b4 Kg7 32. Kg2 b6
33. Nc3 Kf6 34. Kg3 a6 35. a4 Bb7 36. f3 Ke5 37. Kg4 Kf6 38. Na2 h5+ 39. Kg3 g5
40. Nc3 Bc6 41. b5 axb5 42. axb5 Bd7 43. Kg2 h4 44. Ne4+ Ke5 45. Nxg5 h3+ 46.
Kg3 Kd6 47. f4 Kc5 48. e4 Kxb5 49. f5 Kc4 50. Nxh3 b5 51. Nf2 Kd4 52. Kf4 b4
53. e5 b3 54. Nd1 Be8 55. f6 e6 56. Nb2 Kc3 57. Na4+ Kc2 58. Kg5 b2 59. Nxb2
Kxb2 60. Kh6 Kc3 61. Kg7 Kd4 0-1

[Event "II Memorial Doriano Spinelli"]
[Site "Torino ITA"]
[Date "2016.12.01"]
[Round "1"]
[White "Raccanello, Marianna"]
[Black "Wisbey, Danilo"]
[WhiteElo "1872"]
[BlackElo "1585"]
[Result "1-0"]
[PlyCount "113"]
[EventDate "2016.12.01"]

1. e4 e6 2. d4 d5 3. Nd2 dxe4 4. Nxe4 Nd7 5. Nf3 Ngf6 6. Bg5 Be7 7. Bxf6 Nxf6
8. Nxf6+ Bxf6 9. c3 O-O 10. Bd3 Re8 11. O-O g6 12. Re1 Qe7 13. Qc2 c5 14. d5
Qc7 15. Bc4 e5 16. Qb3 Qd6 17. Nd2 Qb6 18. Bb5 Re7 19. a4 a6 20. a5 Qxb5 21.
Qxb5 axb5 22. Ne4 Bg7 23. d6 Rd7 24. Red1 Bf8 25. Nf6+ Kg7 26. Nxd7 Bxd7 27.
Rd2 Kf6 28. b4 c4 29. Re1 Rd8 30. Rd5 Re8 31. f3 Re6 32. Red1 Kg7 33. Rc5 Rxd6
34. Rxd6 Bxd6 35. Rd5 Bxb4 36. cxb4 Bc6 37. Rxe5 Kf6 38. Rc5 Ke6 39. a6 bxa6
40. Rxc6+ Kd5 41. Rxa6 c3 42. Ra8 Kc4 43. Kf2 Kxb4 44. Ke2 Kb3 45. Kd1 b4 46.
Kc1 Kc4 47. Rc8+ Kb3 48. Rb8 f5 49. Kb1 h6 50. Rb6 g5 51. Rxh6 Kc4 52. Rc6+ Kd3
53. Rb6 Kc4 54. Kc2 Kd4 55. Rxb4+ Ke3 56. Rb5 Kf4 57. g3+ 1-0

[Event "II Memorial Doriano Spinelli"]
[Site "Torino ITA"]
[Date "2016.12.01"]
[Round "1"]
[White "Sorcinelli, Francesco"]
[Black "Femia, Nicola"]
[WhiteElo "2084"]
[BlackElo "1817"]
[Result "1-0"]
[PlyCount "95"]
[EventDate "2016.12.01"]

1. e4 c5 2. Nf3 d6 3. Bb5+ Bd7 4. Bxd7+ Nxd7 5. O-O Ngf6 6. Re1 e5 7. c3 Be7 8.
d4 cxd4 9. cxd4 O-O 10. Nc3 Rc8 11. Bg5 Qa5 12. Qd2 Rc4 13. Rac1 Bd8 14. dxe5
dxe5 15. Bxf6 Nxf6 16. h3 Bb6 17. Nd5 Rxc1 18. Nxf6+ gxf6 19. Qxa5 Bxa5 20.
Rxc1 Rd8 21. Nh4 Kg7 22. Nf5+ Kg6 23. Rc2 h5 24. Kf1 Kg5 25. Ke2 h4 26. a3 Bb6
27. f3 Kf4 28. Rd2 Rxd2+ 29. Kxd2 Kg5 30. Nd6 Kf4 31. Ke2 Kg3 32. Kf1 Bd4 33.
b4 b6 34. Nf5+ Kf4 35. Nxh4 Ke3 36. Nf5+ Kd3 37. h4 Bb2 38. h5 Bc1 39. h6 Bxh6
40. Nxh6 Kc3 41. Nxf7 Kb3 42. Nxe5 fxe5 43. g4 Kxa3 44. g5 Kxb4 45. g6 a5 46.
g7 a4 47. g8=Q Ka3 48. Qc4 1-0

[Event "II Memorial Doriano Spinelli"]
[Site "Torino ITA"]
[Date "2016.12.01"]
[Round "1"]
[White "Yao, Stefano"]
[Black "Cutelli, Massimo"]
[WhiteElo "2161"]
[BlackElo "1850"]
[Result "1-0"]
[PlyCount "59"]
[EventDate "2016.12.01"]

1. d4 Nf6 2. Nf3 e6 3. c4 c5 4. d5 exd5 5. cxd5 d6 6. Nc3 g6 7. Bf4 a6 8. a4
Bg7 9. e4 O-O 10. Be2 Re8 11. Nd2 Qc7 12. O-O Nbd7 13. h3 Rb8 14. Bh2 Qb6 15.
Nc4 Qb4 16. Nxd6 Ra8 17. Nxe8 Nxe8 18. Qc2 Bd4 19. a5 b5 20. axb6 Nxb6 21. Ra3
c4 22. Na4 Nd6 23. Nxb6 Bxb6 24. e5 Bf5 25. Qa4 Qd2 26. exd6 Qxe2 27. Qc6 Rb8
28. d7 Bd3 29. Rxd3 cxd3 30. Qxb6 1-0

[Event "II Memorial Doriano Spinelli"]
[Site "Torino ITA"]
[Date "2016.12.01"]
[Round "1"]
[White "Zuccaro, Marco"]
[Black "Fassio, Francesco"]
[WhiteElo "1895"]
[BlackElo "1617"]
[Result "1-0"]
[PlyCount "51"]
[EventDate "2016.12.01"]

1. d4 d5 2. c4 c6 3. e3 Nf6 4. cxd5 cxd5 5. Nc3 Nc6 6. Nf3 e6 7. Bd3 Bd6 8. O-O
O-O 9. Re1 Nb4 10. Bb1 b6 11. a3 Nc6 12. e4 dxe4 13. Nxe4 Nd5 14. Qc2 Bxh2+ 15.
Kxh2 Qc7+ 16. Kg1 g6 17. Ba2 Nde7 18. Bg5 Bb7 19. Rac1 Rfd8 20. Qd2 Qb8 21. Bf6
Nf5 22. Bxd8 Qxd8 23. d5 exd5 24. Qxd5 Qxd5 25. Bxd5 Rc8 26. Nfg5 1-0

[Event "II Memorial Doriano Spinelli"]
[Site "Torino ITA"]
[Date "2016.12.02"]
[Round "2"]
[White "Bergero, Simone"]
[Black "Bisi, Riccardo"]
[WhiteElo "1860"]
[BlackElo "2028"]
[Result "0-1"]
[PlyCount "78"]
[EventDate "2016.12.01"]

1. d4 Nf6 2. Bg5 e6 3. e4 Be7 4. Bd3 d5 5. e5 Nfd7 6. Bxe7 Qxe7 7. c3 c5 8. Nf3
Nc6 9. O-O O-O 10. Nbd2 a6 11. a4 f6 12. Re1 Rb8 13. exf6 Qxf6 14. Qc2 g6 15.
dxc5 Nxc5 16. Nb3 Nd7 17. c4 d4 18. Be4 e5 19. Bxc6 bxc6 20. Nbd2 Qf5 21. Qxf5
Rxf5 22. b3 c5 23. g4 Rf4 24. h3 e4 25. Rxe4 Rxe4 26. Nxe4 Rxb3 27. Nfd2 Rb2
28. Nd6 Rxd2 29. Nxc8 Rc2 30. Nd6 Ne5 31. Rb1 Nxc4 32. Rb8+ Kg7 33. Rb7+ Kf8
34. Nxc4 Rxc4 35. Rxh7 d3 36. Rd7 Rc1+ 37. Kg2 c4 38. Kf3 Rd1 39. Rd4 c3 0-1

[Event "II Memorial Doriano Spinelli"]
[Site "Torino ITA"]
[Date "2016.12.02"]
[Round "2"]
[White "Bisi, Samuele"]
[Black "Cerchie', Emanuele"]
[WhiteElo "2084"]
[BlackElo "1635"]
[Result "1/2-1/2"]
[PlyCount "135"]
[EventDate "2016.12.01"]

1. d4 d5 2. Nf3 e6 3. c4 c6 4. Nc3 Nf6 5. cxd5 exd5 6. Bg5 Be7 7. Qc2 Bg4 8. e3
Nbd7 9. Bd3 O-O 10. h3 Bh5 11. g4 Bg6 12. O-O-O Ne4 13. Bf4 Nxc3 14. Qxc3 Nf6
15. Ne5 Bxd3 16. Nxd3 Ne4 17. Qc2 Bd6 18. f3 Bxf4 19. Nxf4 Nd6 20. Kb1 Re8 21.
Rhe1 Qf6 22. h4 Nc4 23. g5 Qd6 24. Qc1 Re7 25. e4 dxe4 26. fxe4 Rae8 27. e5 Qb4
28. Nh5 Rd8 29. Ng3 Red7 30. Nf5 Na3+ 31. Ka1 Nb5 32. Re4 Nxd4 33. Rde1 Qa4 34.
Kb1 Qa5 35. Nd6 Nb5 36. Qf4 Qc7 37. h5 Qb8 38. Nc4 Rd1+ 39. Rxd1 Rxd1+ 40. Kc2
Qd8 41. Nd6 Nxd6 42. exd6 Rxd6 43. h6 f6 44. hxg7 Kxg7 45. gxf6+ Qxf6 46. Kc1
Qxf4+ 47. Rxf4 Rd7 48. Kc2 Kg6 49. Kc3 Kg5 50. Rf8 h5 51. Rg8+ Kh4 52. b4 Kh3
53. a4 h4 54. b5 cxb5 55. axb5 b6 56. Kc4 Kh2 57. Kc3 h3 58. Kb3 Kh1 59. Kc4 h2
60. Kc3 Rf7 61. Kd3 Rf2 62. Ke3 Rg2 63. Rc8 Rg7 64. Kf2 Rg2+ 65. Kf3 Rg1 66.
Rc2 Rg7 67. Rc1+ Rg1 68. Rc2 1/2-1/2

[Event "II Memorial Doriano Spinelli"]
[Site "Torino ITA"]
[Date "2016.12.02"]
[Round "2"]
[White "Cutelli, Massimo"]
[Black "Chianale, Angelo"]
[WhiteElo "1850"]
[BlackElo "1691"]
[Result "1-0"]
[PlyCount "69"]
[EventDate "2016.12.01"]

1. e4 d5 2. Nf3 dxe4 3. Ng5 Bf5 4. Bc4 Bg6 5. Nc3 Nf6 6. Qe2 Nc6 7. Bb5 Qd6 8.
Ngxe4 Nxe4 9. Nxe4 Qe6 10. Nc5 Qxe2+ 11. Kxe2 O-O-O 12. Bxc6 bxc6 13. d3 e5 14.
Ne4 h6 15. g4 f5 16. gxf5 Bxf5 17. Be3 a6 18. f3 g5 19. Rag1 Bxe4 20. fxe4 Be7
21. Rf1 Rdf8 22. h3 Kd7 23. c3 c5 24. Rhg1 Rxf1 25. Rxf1 Rf8 26. Rxf8 Bxf8 27.
Kf3 Ke6 28. Kg4 Kf6 29. Kh5 Kg7 30. a3 a5 31. a4 c6 32. d4 exd4 33. cxd4 c4 34.
Bd2 Bb4 35. Bc3 1-0

[Event "II Memorial Doriano Spinelli"]
[Site "Torino ITA"]
[Date "2016.12.02"]
[Round "2"]
[White "Fassio, Francesco"]
[Black "Chiabrando, Davide"]
[WhiteElo "1617"]
[BlackElo "1693"]
[Result "0-1"]
[PlyCount "84"]
[EventDate "2016.12.01"]

1. d4 d5 2. c4 e6 3. Nc3 Nf6 4. Bg5 Nbd7 5. Nf3 Be7 6. e3 c6 7. cxd5 exd5 8.
Bd3 O-O 9. O-O Re8 10. Rc1 b6 11. a3 Bb7 12. Qc2 g6 13. Rfd1 Rc8 14. b4 Ng4 15.
Bxe7 Qxe7 16. Qe2 f5 17. Re1 Ngf6 18. Ba6 Bxa6 19. Qxa6 Nb8 20. Qd3 Ne4 21. Rc2
Rcd8 22. Rec1 c5 23. bxc5 bxc5 24. Qb5 Nxc3 25. Rxc3 Qd7 26. Qxd7 Nxd7 27. dxc5
Rb8 28. c6 Rec8 29. g3 Nf6 30. c7 Rb7 31. Nd4 Ne8 32. Ne6 Kh8 33. Kg2 Rb6 34.
Rc6 Rxc6 35. Rxc6 Kg8 36. Kf3 Kf7 37. Kf4 Nf6 38. f3 Nd7 39. Kg5 Ne5 40. Nd8+
Kg7 41. Rc2 h6+ 42. Kf4 Nd3# 0-1

[Event "II Memorial Doriano Spinelli"]
[Site "Torino ITA"]
[Date "2016.12.02"]
[Round "2"]
[White "Femia, Nicola"]
[Black "Ferrara, Davide"]
[WhiteElo "1817"]
[BlackElo "1591"]
[Result "0-1"]
[PlyCount "60"]
[EventDate "2016.12.01"]

1. e4 e5 2. Nf3 Nf6 3. Bc4 Nxe4 4. O-O d5 5. Bb3 Nc6 6. Re1 Bc5 7. d4 Nxd4 8.
Nxd4 Bxd4 9. Rxe4 dxe4 10. c3 Bb6 11. Qh5 Qf6 12. Be3 Bxe3 13. fxe3 O-O 14. Nd2
Qf5 15. Qe2 Be6 16. Rf1 Qg6 17. Bc2 Bg4 18. Qf2 f5 19. Bb3+ Kh8 20. Nxe4 Rfd8
21. Ng3 f4 22. exf4 exf4 23. Qxf4 Be6 24. Bxe6 Qxe6 25. Ne4 Re8 26. Re1 Re7 27.
Qh4 Rae8 28. Re2 Qg6 29. Ng3 Rxe2 30. Nxe2 Rxe2 0-1

[Event "II Memorial Doriano Spinelli"]
[Site "Torino ITA"]
[Date "2016.12.02"]
[Round "2"]
[White "Finocchiaro, Gianluca"]
[Black "Raccanello, Marianna"]
[WhiteElo "248"]
[BlackElo "1872"]
[Result "1-0"]
[PlyCount "71"]
[EventDate "2016.12.01"]

1. d4 d5 2. Nc3 Nf6 3. Bg5 e6 4. e4 Be7 5. e5 Nfd7 6. h4 Bxg5 7. hxg5 Qxg5 8.
Nh3 Qe7 9. Nf4 a6 10. Qg4 g6 11. Bd3 Nf8 12. Nfxd5 f5 13. exf6 exd5+ 14. fxe7
Bxg4 15. exf8=Q+ Kxf8 16. Nxd5 Nc6 17. f3 Bf5 18. Bxf5 gxf5 19. O-O-O Rc8 20.
Rh5 Kg7 21. Rg5+ Kf7 22. Rxf5+ Kg6 23. g4 Rhd8 24. Nf4+ Kh6 25. Rh1+ Kg7 26.
Ne6+ Kg6 27. Nxd8 Rxd8 28. c3 Ne7 29. Rfh5 Nd5 30. Rxh7 Rf8 31. R1h6+ Kg5 32.
Rh5+ Kg6 33. Rxd5 Kxh7 34. Rd7+ Kg6 35. Rxc7 b5 36. Rc6+ 1-0

[Event "II Memorial Doriano Spinelli"]
[Site "Torino ITA"]
[Date "2016.12.02"]
[Round "2"]
[White "Messina, Francesco"]
[Black "Ferri, Fabio"]
[WhiteElo "1953"]
[BlackElo "1831"]
[Result "1-0"]
[PlyCount "69"]
[EventDate "2016.12.01"]

1. e4 e6 2. d4 d5 3. e5 c5 4. c3 Nc6 5. Nf3 Bd7 6. Bd3 Qc7 7. O-O f6 8. Bf4
O-O-O 9. Re1 h6 10. h3 g5 11. Bh2 f5 12. Bxf5 exf5 13. e6 Bd6 14. exd7+ Qxd7
15. dxc5 Bxh2+ 16. Kxh2 Nf6 17. Nbd2 g4 18. Nd4 gxh3 19. gxh3 Rhg8 20. Qf3 Nxd4
21. cxd4 Ne4 22. Qf4 Nxd2 23. Qxd2 f4 24. Rg1 Qf5 25. Rae1 Qf6 26. Qd3 f3 27.
c6 bxc6 28. Qa6+ Kb8 29. Re3 Qf4+ 30. Rg3 Qxd4 31. Qxc6 Rxg3 32. Rb3+ Qb6 33.
Rxb6+ axb6 34. Qxb6+ Kc8 35. Kxg3 1-0

[Event "II Memorial Doriano Spinelli"]
[Site "Torino ITA"]
[Date "2016.12.02"]
[Round "2"]
[White "Novaria, Ivan"]
[Black "Gola, Giorgio"]
[WhiteElo "1708"]
[BlackElo "1515"]
[Result "1-0"]
[PlyCount "37"]
[EventDate "2016.12.01"]

1. e4 e6 2. d4 d5 3. Nc3 Nf6 4. Bd3 Bb4 5. e5 Nfd7 6. a3 Ba5 7. Qg4 Kf8 8. b4
Bb6 9. Nf3 f5 10. Qh3 Nc6 11. Ne2 Kg8 12. g4 g6 13. gxf5 exf5 14. Rg1 Kf8 15.
Rxg6 hxg6 16. Qxh8+ Kf7 17. Ng5+ Ke7 18. Qg7+ Ke8 19. Qf7# 1-0

[Event "II Memorial Doriano Spinelli"]
[Site "Torino ITA"]
[Date "2016.12.02"]
[Round "2"]
[White "Priolo, Giuseppe"]
[Black "Di Chiara, Mauro"]
[WhiteElo "1461"]
[BlackElo "1933"]
[Result "1/2-1/2"]
[PlyCount "82"]
[EventDate "2016.12.01"]

1. e4 d6 2. d4 Nf6 3. Nc3 g6 4. Nf3 Bg7 5. Be2 O-O 6. O-O c6 7. Bf4 b5 8. Qd3
b4 9. Nd1 Ba6 10. Qe3 Bxe2 11. Qxe2 Nbd7 12. c3 bxc3 13. Nxc3 c5 14. Qd2 cxd4
15. Nxd4 Nc5 16. e5 dxe5 17. Bxe5 Nfe4 18. Nxe4 Nxe4 19. Qf4 Qd5 20. Bxg7 Kxg7
21. Nf3 Rad8 22. h3 g5 23. Qe3 h6 24. Qxa7 Rd7 25. Qe3 Rfd8 26. a4 f5 27. a5
Qb5 28. Ra2 Rd3 29. Qe2 Qc5 30. a6 Qd5 31. Rfa1 Rd1+ 32. Qxd1 Qxd1+ 33. Rxd1
Rxd1+ 34. Kh2 Rd8 35. a7 Ra8 36. Ne5 Nd6 37. b4 Nb5 38. Nc6 Kf6 39. Ra5 Nd6 40.
b5 Ke6 41. Ra6 Kd7 1/2-1/2

[Event "II Memorial Doriano Spinelli"]
[Site "Torino ITA"]
[Date "2016.12.02"]
[Round "2"]
[White "Terzo, Andrea"]
[Black "Sorcinelli, Francesco"]
[WhiteElo "1892"]
[BlackElo "2084"]
[Result "0-1"]
[PlyCount "106"]
[EventDate "2016.12.01"]

1. d4 g6 2. c4 Bg7 3. Nc3 c5 4. d5 d6 5. e4 Nf6 6. Nf3 O-O 7. Be2 Bg4 8. O-O
Bxf3 9. Bxf3 Nfd7 10. Be3 Na6 11. Qd2 Re8 12. Be2 Nc7 13. Rfe1 Rb8 14. f4 a6
15. a4 b6 16. Bf1 Nf8 17. Bf2 e6 18. e5 exd5 19. cxd5 dxe5 20. d6 exf4 21. Qxf4
Nce6 22. Qg3 Ra8 23. Bc4 Qf6 24. Bd5 Rab8 25. Bc6 Red8 26. Nd5 Qxb2 27. Rab1
Qd2 28. Ne7+ Kh8 29. Qf3 Qf4 30. Bg3 Qxf3 31. Bxf3 Nd4 32. Bd5 Nd7 33. Bxf7 b5
34. Re4 Nf6 35. Rh4 Nh5 36. Nxg6+ hxg6 37. Bxg6 Ne2+ 38. Kf2 Nexg3 39. hxg3
Bd4+ 40. Ke2 Rxd6 41. Rxh5+ Kg7 42. Bf5 c4 43. axb5 axb5 44. Rh7+ Kf6 45. Rh6+
Ke5 46. Rxd6 Kxd6 47. g4 b4 48. g5 b3 49. g4 Rh8 50. g6 Rh2+ 51. Kf3 Kc5 52.
Be6 b2 53. Bf5 c3 0-1

[Event "II Memorial Doriano Spinelli"]
[Site "Torino ITA"]
[Date "2016.12.02"]
[Round "2"]
[White "Tripodi, Enzo"]
[Black "Paparella, Nicole Samantha"]
[WhiteElo "1919"]
[BlackElo "1772"]
[Result "1-0"]
[PlyCount "119"]
[EventDate "2016.12.01"]

1. e4 e5 2. Nf3 Nc6 3. Bb5 Nf6 4. O-O Nxe4 5. d4 Nd6 6. Bxc6 bxc6 7. dxe5 Nb7
8. Nc3 Be7 9. Re1 O-O 10. Ne4 d5 11. exd6 cxd6 12. Nd4 Qc7 13. Bf4 h6 14. c4 f5
15. Ng3 g5 16. Bd2 c5 17. Ne6 Bxe6 18. Rxe6 Rf6 19. Rxf6 Bxf6 20. Nxf5 Qh7 21.
Qf3 Rf8 22. Nxh6+ Qxh6 23. Qxb7 Be5 24. h3 Qf6 25. Be3 Bxb2 26. Qd5+ Kh8 27.
Rd1 Be5 28. Qe4 Bf4 29. Bxf4 gxf4 30. Rd5 Rf7 31. Qd3 Rd7 32. Rh5+ Kg8 33. Qd5+
Rf7 34. Qg5+ Qxg5 35. Rxg5+ Kf8 36. Kf1 Ke7 37. Ke2 f3+ 38. gxf3 Rf4 39. Rg4
Rf5 40. Ke3 Rh5 41. Rg7+ Ke6 42. Rxa7 Rxh3 43. a4 Rh8 44. Ra5 Kf5 45. Ra6 Re8+
46. Kd3 Rd8 47. Ra7 Rf8 48. a5 Kf4 49. a6 Ke5 50. Ke3 Rd8 51. Rb7 Ra8 52. a7 d5
53. f4+ Ke6 54. cxd5+ Kxd5 55. Kd3 Kc6 56. Rf7 Kd5 57. f5 c4+ 58. Kc3 Kc5 59.
f6 Kd5 60. Rg7 1-0

[Event "II Memorial Doriano Spinelli"]
[Site "Torino ITA"]
[Date "2016.12.02"]
[Round "2"]
[White "Zuccaro, Marco"]
[Black "Yao, Stefano"]
[WhiteElo "1895"]
[BlackElo "2161"]
[Result "0-1"]
[PlyCount "82"]
[EventDate "2016.12.01"]

1. d4 d5 2. Nf3 Nf6 3. c4 c6 4. Nc3 a6 5. a4 e6 6. Bg5 a5 7. e3 Be7 8. Bd3 Na6
9. Qe2 Nb4 10. Bb1 h6 11. Bh4 dxc4 12. Ne5 b6 13. O-O O-O 14. Rc1 Ba6 15. Nxc4
Rc8 16. Ne4 Nxe4 17. Bxe7 Qxe7 18. Bxe4 c5 19. dxc5 Rxc5 20. b3 Rfc8 21. Rc3 f5
22. Bf3 e5 23. e4 f4 24. Bg4 R8c7 25. Rd1 Nc6 26. Rd5 Nd4 27. Qa2 Qg5 28. f3
Qh4 29. Qf2 Qe7 30. Rxc5 Qxc5 31. g3 Ne2+ 32. Kg2 Nxc3 33. Be6+ Kh7 34. Qd2 Qd4
35. Qc2 Bxc4 36. bxc4 Re7 37. Bf5+ g6 38. Bh3 Qxc4 39. gxf4 Qe2+ 40. Qxe2 Nxe2
41. fxe5 Nf4+ 0-1

[Event "II Memorial Doriano Spinelli"]
[Site "Torino ITA"]
[Date "2016.12.03"]
[Round "3"]
[White "Bisi, Riccardo"]
[Black "Priolo, Giuseppe"]
[WhiteElo "2028"]
[BlackElo "1461"]
[Result "1-0"]
[PlyCount "53"]
[EventDate "2016.12.01"]

1. e4 c5 2. Nf3 d6 3. d4 cxd4 4. Nxd4 Nf6 5. Nc3 a6 6. Be3 e6 7. f3 Be7 8. Qd2
Bd7 9. g4 Nc6 10. O-O-O b5 11. h4 O-O 12. h5 b4 13. Nce2 a5 14. g5 Ne8 15. Bh3
Qc7 16. g6 Bf6 17. gxf7+ Kxf7 18. Nb5 Qc8 19. Nxd6+ Nxd6 20. Qxd6 Rd8 21. Qc5
Qa6 22. Nf4 Rac8 23. Rxd7+ Rxd7 24. Bxe6+ Ke8 25. Bxd7+ Kxd7 26. Qd5+ Kc7 27.
Ne6+ 1-0

[Event "II Memorial Doriano Spinelli"]
[Site "Torino ITA"]
[Date "2016.12.03"]
[Round "3"]
[White "Cerchie', Emanuele"]
[Black "Bergero, Simone"]
[WhiteElo "1635"]
[BlackElo "1860"]
[Result "0-1"]
[PlyCount "54"]
[EventDate "2016.12.01"]

1. d4 d5 2. c4 e6 3. Nc3 Nf6 4. Bg5 Nbd7 5. Nf3 Be7 6. e3 O-O 7. Bd3 a6 8. cxd5
Nxd5 9. Bxe7 Nxe7 10. Qc2 Nf6 11. O-O Ned5 12. Nxd5 exd5 13. Rfc1 c6 14. Rab1
g6 15. b4 Ne4 16. a4 Bf5 17. b5 cxb5 18. axb5 axb5 19. Rxb5 Rc8 20. Qb1 Nc3 21.
Rxc3 Rxc3 22. Bxf5 gxf5 23. g3 f4 24. gxf4 Qc8 25. Kg2 Qg4+ 26. Kf1 Qxf3 27.
Rxb7 Rfc8 0-1

[Event "II Memorial Doriano Spinelli"]
[Site "Torino ITA"]
[Date "2016.12.03"]
[Round "3"]
[White "Chiabrando, Davide"]
[Black "Terzo, Andrea"]
[WhiteElo "1693"]
[BlackElo "1892"]
[Result "1-0"]
[PlyCount "89"]
[EventDate "2016.12.01"]

1. e4 e6 2. d4 d5 3. e5 c5 4. c3 Nc6 5. Nf3 Qb6 6. a3 Nh6 7. b4 cxb4 8. cxb4
Nf5 9. Be3 Bd7 10. Be2 Rc8 11. O-O Be7 12. Qd2 a6 13. Nc3 Na7 14. Rfc1 O-O 15.
Bd3 Nh4 16. Nxh4 Bxh4 17. g3 Be7 18. Kg2 Bb5 19. h4 Bxd3 20. Qxd3 Rc4 21. Ne2
Rfc8 22. Rxc4 Rxc4 23. Rc1 Qc6 24. Kh3 Nb5 25. g4 f6 26. exf6 Bxf6 27. g5 Rxc1
28. Bxc1 Be7 29. Bb2 Bd6 30. Nc3 Nxc3 31. Qxc3 Qxc3+ 32. Bxc3 b5 33. Kg4 Kf7
34. h5 h6 35. f4 hxg5 36. fxg5 Bh2 37. Kh4 Bf4 38. Bb2 Be3 39. Kg4 Bd2 40. Kh4
Ke7 41. Kg4 Kd7 42. Kh4 Kc7 43. Kg4 Kb6 44. h6 gxh6 45. g6 1-0